Life outside : the Signorile report on gay men, sex, drugs, muscles, and the passages of life /

में बचाया:
ग्रंथसूची विवरण
मुख्य लेखक: Signorile, Michelangelo, 1960-
निगमित लेखक: Gene Berry and Jeffrey Campbell Collection (Library of Congress)
स्वरूप: पुस्तक
भाषा:अंग्रेज़ी
प्रकाशित: New York, NY : HarperCollinsPublishers, c1997.
संस्करण:1st ed.
ऑनलाइन पहुंच:Contributor biographical information
टैग: टैग जोड़ें
कोई टैग नहीं, इस रिकॉर्ड को टैग करने वाले पहले व्यक्ति बनें!

MARC

LEADER 00000cam a2200000 a 4500
001 3541251
003 loc
005 20251006125043.0
008 970102s1997 nyu 000 0 eng
010 |a  97001946  
020 |a 0060187611 
020 |a 9780060187613 
035 |a 3541251 
040 |a DLC  |b eng  |c DLC  |d DLC 
043 |a n-us--- 
050 0 0 |a HQ76.2.U5  |b S54 1997 
082 0 0 |a 306.76/6/0973  |2 21 
100 1 |a Signorile, Michelangelo,  |d 1960- 
245 1 0 |a Life outside :  |b the Signorile report on gay men, sex, drugs, muscles, and the passages of life /  |c Michelangelo Signorile. 
250 |a 1st ed. 
260 |a New York, NY :  |b HarperCollinsPublishers,  |c c1997. 
300 |a xxxiii, 315 p. ;  |c 22 cm. 
710 2 |a Gene Berry and Jeffrey Campbell Collection (Library of Congress)  |5 DLC 
856 4 2 |3 Contributor biographical information  |u http://www.loc.gov/catdir/enhancements/fy1308/97001946-b.html 
942 |2 ddc  |c BK 
952 |0 0  |1 0  |2 ddc  |4 0  |6 B_SSR03SIGMILIF11  |7 0  |9 8572  |a MI  |b MI  |d 2006-03-11  |i 4283  |l 0  |o B-SSR03-SIGMI-LIF11  |p CDOM4283  |r 2025-07-17 21:50:00  |w 2025-07-17  |x DONO  |y BK 
999 |c 7134  |d 7134